000 00519nam a22001457a 4500
999 _c10755
_d10755
008 180919b ||||| |||| 00| 0 eng d
022 _a16565649
082 _aDPer 303.405 H22 June -Sept 2016 v.12 n. 7-10
100 _931337
_aLabaco, Chester.
245 _aGigabyte x99-ultra gaming:
_bhigh-end gaming/
_cChester Labaco.
260 _aQuezon City:
_bHardware Zone Phils. Corp.,
_c©June -Sept 2016.
300 _av112 n9, page 42:
_billustrations;
_c28 cm.
650 0 _931338
_aComputer peripherals.
942 _2ddc
_cPER